Statistiques concernant Histoire commençant par la lettre V

Cliquez ici pour prendre le quiz!

Statistiques générales

  • Ce quiz a été pris 4,385 fois
    (3,833 depuis la dernière actualisation)
  • Le résultat moyen est 13 sur 20

Statistiques - réponses

Indice Réponse % Correct
Peuple de marins, explorateurs, marchands et guerriers scandinaves du IIème au XIème siècleVikings
95%
Louis Pasteur a mis au point le premier contre la rage en 1885, mais le tout
premier a été inoculé par Edward Jenner en 1796
Vaccin
94%
Cité-État créé en 1929 suite aux accords du Latran, est dirigé par l'Évèque de Rome depuis lorsVatican
92%
Considérée comme capitale de la musique classique dans les années 1800Vienne
90%
En 1916, lieu d'une bataille de la 1ère guerre mondiale ayant fait plus de 700 000 pertesVerdun
89%
Chef gaulois défait à Alésia après avoir rassemblé les grandes tribus gauloises
pour faire face à Jules César
Vercingetorix
87%
Figure emblématique des Lumières à qui l'on doit notamment Candide et ZadigVoltaire
86%
Reine du Royaume-Uni de Grande-Bretagne et d'Irlande de 1837 à 1901Victoria
85%
À l'époque féodale, celui qui prête allégeance à son suzerain, en échange de terres,
revenus ou protection
Vassal
76%
Grande puissance maritime italienne durant le Moyen Âge et la RenaissanceVenise
70%
Prince de cette dernière au XVème siècle, surnommé l'Empaleur ou Draculea pour ses cruelles exécutionsVlad III
61%
Force armée nationaliste et communiste du sud Vietnam luttant pour son indépendance jusqu'en 1973Viet Cong
55%
Navigateur britannique du XVIIIème siècle qui a donné son nom à une île,
un mont et plusieurs villes du Canada
George Vancouver
53%
Style théatral comique, mettant en général en scène une situation d'adultère,
très en vogue au XIXème siècle
Vaudeville
52%
Branche cadette de la dynastie capétienne, elle succède aux Capétiens directs et précède les BourbonValois
48%
Deux "nouveaux" continents ont été nommés d'après le prénom de ce navigateur italien du XVème siècleAmerigo Vespucci
47%
Nom actuel de cette ville qui s'est appelée successivement Tsaritsyne jusqu'en 1925
puis Stalingrad jusqu'en 1961
Volgograd
45%
Peuple germanique oriental entre le Ier et le Vème siècle ayant notamment pillé Rome en 455Vandales
34%
Septembre 1792, en Champagne-Ardenne, première victoire décisive de l'armée française
pendant les guerres de la Révolution
Bataille de {Valmy}
28%
Principauté historique qui par son union avec la région de Moldavie en 1859, est à l'origine de la RoumanieValachie
20%

Distribution des résultats

Percentile par nombre de réponses

% des personnes avec chaque résultat

Votre développement - résultats

Vous n’avez pas pris ce quiz depuis la dernière actualisation